Midwest Indigo - Twenty One Pilots - Statistics

General Stats
  • This quiz has been taken 25 times
  • The average score is 201 of 250
Answer Stats
Hint Answer % Correct
home
93%
my
93%
on
93%
the
93%
way
93%
a
87%
again
87%
and
87%
Outro And
87%
be
87%
can
87%
cold,
87%
cold
87%
guess
87%
I
87%
I'll
87%
in
87%
Indigo
87%
little
87%
make
87%
me
87%
Midwest
87%
myself
87%
out
87%
out,
87%
pull
87%
Chorus | Intro Reachin'
87%
sad
87%
second
87%
so
87%
time
87%
time?
87%
To
87%
to
87%
try
87%
we're
87%
You
87%
you
87%
as
80%
Chill
80%
Pre-Chorus Did
80%
ETA?
80%
forget
80%
late
80%
man,
80%
minutes)
80%
(Not
80%
right
80%
run
80%
Verse 1 Running
80%
(Two
80%
up
80%
Pre-Chorus What's
80%
yet?
80%
yet)
80%
your
80%
by
73%
Concentrate
73%
didn't
73%
have
73%
he
73%
ice
73%
It's
73%
it's
73%
tight
73%
twice
73%
away
67%
bit
67%
chances
67%
Verse 2 Cloud
67%
like
67%
old
67%
outfit
67%
than
67%
too
67%
barely
60%
been
60%
days
60%
deeper
60%
different
60%
I'm
60%
our
60%
scrape
60%
seems
60%
sunny
60%
about
53%
before
53%
gap
53%
heat
53%
kicks
53%
knife
53%
love
53%
requested
53%
want
53%
wide
53%
windshield
53%
cancelled
47%
coverage
47%
lot
47%
matched
47%
parking
47%
pulling
47%
scrapin'
47%
with
47%
counsel
40%
frosted
40%
into
40%
blue,
33%
That
33%
counselor
27%
No matching quizzes found
Score Distribution
Percent of People with Each Score
Percentile by Number Answered
Your Score History
You have not taken this quiz